Trh práce v SR z pohľadu stálej a dočasnej práce

Pohyb na trhu práce v SR ovplyvňujú pravidelne a j sezónne vplyvy, ktoré sa prejavujú vo vývoji zamestnanosti aj nezamestnanosti. Vývoj v stálej práci. Priebeh v dočasnej práci. Štatistické údaje za zamestnanosť a údaje za nezamestnanosť.

Gespeichert in:
Bibliographische Detailangaben
1. Verfasser: Senderáková, Lucia
Format: Buchkapitel
Sprache:Slowakisch
Schlagworte:
Tags: Tag hinzufügen
Keine Tags, Fügen Sie das erste Tag hinzu!

MARC

LEADER 00000naa$a2200000$$$4500
001 0001452
005 20231002091034.2
041 0 |a slo 
044 |a SK 
245 1 0 |a Trh práce v SR z pohľadu stálej a dočasnej práce  |c aut. Lucia Senderáková 
520 |a Pohyb na trhu práce v SR ovplyvňujú pravidelne a j sezónne vplyvy, ktoré sa prejavujú vo vývoji zamestnanosti aj nezamestnanosti. Vývoj v stálej práci. Priebeh v dočasnej práci. Štatistické údaje za zamestnanosť a údaje za nezamestnanosť. 
610 2 0 |a trh práce 
610 2 0 |a Slovensko 
610 2 0 |a zamestnanosť 
610 2 0 |a sezónnosť 
610 2 0 |a údaje štatistické 
610 2 0 |a odvetvia činnosti ekonomickej 
100 1 |a Senderáková, Lucia